000 00517nam a2200193Ia 4500
005 20140311163132.0
008 140130s9999 xx 000 0 und d
020 _a0439634695
050 _aPZ 7
_b.M47841445Iae 2003
100 _aMcCourt, Lisa
_93979
245 _cMcCourt, Lisa
_aI love you stinky face /
260 _bScholastic,
_c2003.
_aMahwah, N.J. :
300 _a1 v. (unpaged) :
_bcol. ill. ;
_c23 cm.
440 _v1
_931174
521 _aG12
526 _c1290
942 _cBK
_2lcc
999 _c41447
_d41447